Изложба на карикатуриста Филип Филипов (Запис номер 514030)
[ съкратено ]
| 000 -Лидер | |
|---|---|
| Лидер | 01072naa a2200253 a 4500 |
| 003 - Код на организацията, давaща контролен номер | |
| Код на организацията, даваща контролен номер | BLK |
| 005 - Дата и час на последна редакция | |
| Дата и час на последна редакция | 20240726142851.0 |
| 007 - Фиксирано поле за физическо описани | |
| Физическо описание | ta |
| 008 - Елементи от данни с фиксирана дължина | |
| Елементи с фиксирана дължина | 240021b bu |||||r|||| 00| | bu d |
| 040 ## - Източник на каталожния запис | |
| Код на библиотеката | BLK |
| 041 ## - Код за език | |
| Език | Български |
| Език за КДБФ | Български |
| 080 ## - УДК | |
| УДК текст | Живопис - художници |
| УДК код | 75.071.1 |
| УДК – определител | (497.215)(092) |
| УДК – код + определител | 75.071.1(497.215)(092) |
| 080 ## - УДК | |
| УДК текст | Биографии |
| УДК код | 929 |
| УДК – определител | (497.215) |
| УДК – код + определител | 929(497.215) |
| 100 1# - Редна дума - Автор | |
| Автор | Казанджиева, Елена |
| R(LIN) | 74873 |
| 245 ## - Сведения за заглавието | |
| Заглавие | Изложба на карикатуриста Филип Филипов |
| Авторска отговорност | Елена Казанджиева |
| 300 ## - Физическа характеристика | |
| Брой страници | № 73, 11 апр. 1981. |
| 520 ## - Забележка за наличие на резюме, анотация и т.н | |
| Анотация, рецензия | Изложба, организирана в салона на ОП "Фотография" |
| 600 #0 - Име на лице, използвано като предмет | |
| За него / За нея | Филипов, Филип |
| 9 (RLIN) | 421067 |
| 653 ## - Ключова дума – ненормативна | |
| 9 (RLIN) | 200290 |
| Ключови думи | художници |
| 773 0# - Описание на основна библиографска единица при аналитични записи (многотомни) | |
| Заглавие на източника | Дунавска правда |
| Международен стандартен номер на серията ISSN | C613-1425 |
| Контролен номер на записа | 291955 |
| Място на издаване, издател и година | София ОбК на БКП и др. 1950 |
| Информация за връзката | . // |
| 856 ## - Електронен адрес и достъп | |
| Инструкция (цена за достъп) | 0.00 |
| Права за достъп | disable |
| 942 ## - АРТИКУЛИ | |
| Източник на класификационната схема | Universal Decimal Classification |
| Вид на библиотечния документ | Статия |
| Скрит в OPAC | Не |
| 944 ## - СЪЗДАВАНЕ И РЕДАКЦИЯ на ЗАПИСА | |
| Дата на регистрацията/редакция | Христина Везирева |
| Служител, извършил регистрацията/редакцията | 30535 |
| Номер на служител | Христина Везирева |
| Създаване/Редакция | |
| 999 ## - СИСТЕМНИ КОНТРОЛНИ НОМЕРА | |
| Koha biblionumber | 514030 |
| Koha biblioitemnumber | 514030 |
Няма налични копия.